| 000 | 00461nam a2200121Ia 4500 | ||
|---|---|---|---|
| 008 | 220216s9999 xx 000 0 und d | ||
| 100 | _aEvans Stephen V. | ||
| 245 | 0 | _aDemand and supply relations in a changing climate | |
| 260 |
_bInternational Workshop on Climate Change and Rubber Cultivation: R & D Priorities, 28-30 July 2010, Rubber Research Institute of India, Kottayam, pp.2. _c2010 |
||
| 650 | _aClimate change | ||
| 650 | _aNR Production | ||
| 942 | _cJS | ||
| 999 |
_c56790 _d56790 |
||